| 000 | 00496nam a22001937a 4500 | ||
|---|---|---|---|
| 003 | MPLRDC | ||
| 005 | 20220104160400.0 | ||
| 008 | 210129b ||||| |||| 00| 0 eng d | ||
| 020 | _a983-50-2341-7 | ||
| 082 | _a868.71 DLWC-4 v.9 c.3 | ||
| 100 | _a爱薇 | ||
| 245 |
_a变调的歌 _c |
||
| 250 | _a初版 | ||
| 260 |
_a马来西亚 _b彩虹出版有限公司 _c1999 |
||
| 300 | _b平 | ||
| 490 | _a德麟文丛(第四辑). 9 | ||
| 650 | _a马华文学 | ||
| 942 |
_cBK _o868.71 DLWC-4 v.9 c.3 |
||
| 999 |
_c54952 _d54942 |
||